Destinée de l´homme / (Record no. 162042)
[ view plain ]
| 000 -LEADER | |
|---|---|
| campo de control de longitud fija | 00777nam a22002055i 4500 |
| 001 - NÚMERO DE CONTROL | |
| campo de control | 162042 |
| 003 - IDENTIFICADOR DE NÚMERO DE CONTROL | |
| campo de control | ES-MaACL |
| 005 - FECHA Y HORA DE LA ÚLTIMA TRANSACCIÓN | |
| campo de control | 20250727022522.0 |
| 008 - DATOS DE LONGITUD FIJA--INFORMACIÓN GENERAL | |
| campo de control de longitud fija | 971108s1898 fr |||| | fre d |
| 040 ## - FUENTE DE CATALOGACIÓN | |
| Centro catalogador/agencia de origen | AR |
| Lengua de catalogación | spa |
| Centro/agencia transcriptor | AR |
| 100 1# - ENTRADA PRINCIPAL--NOMBRE DE PERSONA | |
| Nombre de persona | Piat, Clodius ( |
| Fechas asociadas al nombre | 1854-1918) |
| 9 (RLIN) | 91746 |
| 245 10 - MENCIÓN DEL TÍTULO | |
| Título | Destinée de l´homme / |
| Mención de responsabilidad, etc. | par M. L'Abbé C. Piat. |
| 260 ## - PUBLICACIÓN, DISTRIBUCIÓN, ETC. | |
| Lugar de publicación, distribución, etc. | Paris : |
| Nombre del editor, distribuidor, etc. | ancienne Librairie Germer Baillière et C\pie\s : |
| -- | Félix Alcan, |
| Fecha de publicación, distribución, etc. | 1898. |
| 300 ## - DESCRIPCIÓN FÍSICA | |
| Extensión | 244 p. ; |
| Dimensiones | 23 cm. |
| 490 1# - MENCIÓN DE SERIE | |
| Mención de serie | Bibliothèque de Philosophie Contemporaine |
| 650 #7 - PUNTO DE ACCESO ADICIONAL DE MATERIA--TÉRMINO DE MATERIA | |
| Término de materia o nombre geográfico como elemento de entrada | Antropología filosófica |
| Fuente del encabezamiento o término | embne |
| 9 (RLIN) | 9891 |
| 830 0# - PUNTO DE ACCESO ADICIONAL DE SERIE-TÍTULO UNIFORME | |
| Título uniforme | Bibliothèque de Philosophie Contemporaine |
| 9 (RLIN) | 181027 |
| 852 ## - LOCALIZACIÓN | |
| Ubicación | ES-MaACL |
| Número de control de estantería | B-7022 |
| Nota libre | -- Enc. hol. |
| Encuadernación | -- Edic.: añadir en T260 (Evreux : Charles Hérissey) |
| Estatus retirado | Estado de pérdida | Estado de daño | No para préstamo | Colección | Biblioteca de origen | Biblioteca actual | Ubicación en estantería | Fecha de adquisición | Fuente de adquisición | Total de préstamos | Signatura topográfica completa | Código de barras | Visto por última vez | Precio de reemplazo | Tipo de ítem Koha |
|---|---|---|---|---|---|---|---|---|---|---|---|---|---|---|---|
| Libros del s. XIX | Biblioteca del Ateneo de Madrid | Biblioteca del Ateneo de Madrid | Sala Pardo Bazán | 17/01/2008 | B-7022 | 1169748 | 23/02/2023 | 23/02/2023 | Libro impreso antiguo |
